| 000 | 00688nam a2200253Ia 4500 | ||
|---|---|---|---|
| 008 | 170203s9999 xx 000 0 und d | ||
| 020 | _a0-140544704 | ||
| 050 | _aFic | ||
| 050 | _b.L468a 1962 | ||
| 100 | _aLecourt, Nancy | ||
| 245 | _aAbracadabra to zigzag : | ||
| 245 | _ban alphabet book! / | ||
| 245 | _cwords by Nancy Lecourt ; pictures by Barbara Lehman. | ||
| 260 | _aNew York : | ||
| 260 | _c1962 | ||
| 300 | _a32 pages : | ||
| 300 | _bchiefly col. ill. ; | ||
| 300 | _c18 cm. x 23 cm. | ||
| 440 | _aPicture puffins | ||
| 650 | _aEnglish language--Alphabet-- | ||
| 650 | _aVocabulary-- | ||
| 650 | _xJuvenile literature. | ||
| 650 | _xJuvenile literature. | ||
| 999 |
_c306071 _d306071 |
||